[Event "ROM-ch U10 Girls"]
[Site "Calimanesti Caciulata"]
[Date "2016.04.23"]
[Round "7"]
[White "Candea, Constantina Irina"]
[Black "Sorop, Ioana Alexia"]
[Result "0-1"]
[WhiteElo "1001"]
[BlackElo "1006"]
[PlyCount "67"]
[EventDate "2016.04.18"]
[EventType "swiss"]
[EventRounds "9"]
[EventCountry "ROU"]
[SourceTitle "CBM 172 Extra"]
[Source "ChessBase"]
[SourceDate "2016.06.21"]
[SourceVersion "1"]
[SourceVersionDate "2016.06.21"]
[SourceQuality "1"]

1. e4 e6 2. Nf3 d5 3. exd5 exd5 4. Nc3 Nf6 5. Bb5+ Bd7 6. Bxd7+ Nbxd7 7. d3 Bb4 8. a3 Bxc3+ 9. bxc3 0-0 10. 0-0 Re8 11. Bg5 h6 12. Bh4 c5 13. Re1 Rxe1+ 14. Qxe1 Qe8 15. Qf1 b5 16. Rb1 Rb8 17. c4 dxc4 18. dxc4 bxc4 19. Rxb8 Qxb8 20. Bxf6 Nxf6 21. Ne5 Qb2 22. Qe2 Qc1+ 23. Qf1 Qxa3 24. Nf3 Ne4 25. h3 Qc3 26. Qc1 a5 27. Qf4 a4 28. Qb8+ Kh7 29. Qa7 Qxc2 30. Qxa4 Qxa4 31. Ne5 c3 32. Nxf7 c2 33. f3 c1Q+ 34. Kh2 0-1

[Event "ROM-ch U10 Girls"]
[Site "Calimanesti Caciulata"]
[Date "2016.04.21"]
[Round "5"]
[White "Sorop, Ioana Alexia"]
[Black "Cretu, Iulia"]
[Result "0-1"]
[WhiteElo "1006"]
[BlackElo "1001"]
[PlyCount "57"]
[EventDate "2016.04.18"]
[EventType "swiss"]
[EventRounds "9"]
[EventCountry "ROU"]
[SourceTitle "CBM 172 Extra"]
[Source "ChessBase"]
[SourceDate "2016.06.21"]
[SourceVersion "1"]
[SourceVersionDate "2016.06.21"]
[SourceQuality "1"]

1. e4 c5 2. Nf3 e6 3. c4 Nc6 4. Nc3 Nf6 5. d4 Be7 6. Bf4 0-0 7. Bd3 Nxd4 8. Nxd4 cxd4 9. e5 dxc3 10. exf6 Bxf6 11. Qf3 cxb2 12. Qh3 g6 13. Rb1 Qa5+ 14. Bd2 Qxa2 15. 0-0 d5 16. Bh6 e5 17. cxd5 Bxh3 18. gxh3 Bg7 19. Bxg7 Kxg7 20. Rfe1 Rad8 21. Rxe5 Qa1 22. Be4 f5 23. Bc2 Qa2 24. Re7+ Rf7 25. Rbe1 Rxd5 26. R1e3 Rd2 27. Bb3 b1Q+ 28. Kg2 f4 29. Bxf7 0-1

[Event "ROM-ch U10 Girls"]
[Site "Calimanesti Caciulata"]
[Date "2016.04.21"]
[Round "4"]
[White "Voicu, Rebeca Maria"]
[Black "Sorop, Ioana Alexia"]
[Result "1-0"]
[WhiteElo "1001"]
[BlackElo "1006"]
[PlyCount "77"]
[EventDate "2016.04.18"]
[EventType "swiss"]
[EventRounds "9"]
[EventCountry "ROU"]
[SourceTitle "CBM 172 Extra"]
[Source "ChessBase"]
[SourceDate "2016.06.21"]
[SourceVersion "1"]
[SourceVersionDate "2016.06.21"]
[SourceQuality "1"]

1. e4 e5 2. Nf3 Nf6 3. d3 Nc6 4. Be2 d5 5. Nbd2 Bc5 6. 0-0 0-0 7. c4 Nd4 8. cxd5 Bd7 9. a3 Nxe2+ 10. Qxe2 Bb5 11. b4 Bd4 12. Ra2 Qd6 13. Nb3 Qa6 14. Rd1 Ba4 15. Nbxd4 Bxd1 16. Qxd1 b5 17. Nxe5 Rfe8 18. Ng4 Nxg4 19. Qxg4 Qa4 20. Bh6 Kf8 21. Qxg7+ Ke7 22. Nf5+ Kd7 23. Qxf7+ Kc8 24. Qxe8+ Kb7 25. Qc6+ Kb8 26. h3 Qd1+ 27. Kh2 Qxd3 28. Bf4 Qc4 29. Qe8+ Kb7 30. Qe5 Rg8 31. d6 cxd6 32. Nxd6+ Kc6 33. Nxc4 Kb7 34. Qd5+ Ka6 35. Qxg8 Kb7 36. Nd6+ Kc6 37. Qc8+ Kb6 38. Qc5+ Ka6 39. Qxb5# 1-0